| 000 | 00699nam a2200217 4500 | ||
|---|---|---|---|
| 008 | 030228s1975 us 0 eng | ||
| 090 |
_aBS1560 _bJ45mj |
||
| 100 | 1 | _aJensen, Irving L. | |
| 245 | 1 | 0 |
_aMinor prophets of Judah / _cIrving L. Jensen. |
| 260 |
_aChicago : _bMoody Press, _cc1975. |
||
| 300 |
_a104 p. : _bills., charts, maps |
||
| 504 | _aBiblio: pp. 103-104 | ||
| 650 | 4 | _aBible. O.T. Habakkuk. | |
| 650 | 4 | _aBible. O.T. Joel. | |
| 650 | 4 | _aBible. O.T. Micah. | |
| 650 | 4 | _aBible. O.T. Nahum. | |
| 650 | 4 | _aBible. O.T. Obadiah. | |
| 650 | 4 | _aBible. O.T. Prophets. | |
| 650 | 4 | _aBible. O.T. Zephaniah. | |
| 951 |
_p7704 _x00002283 _oBS1560/J45mj-2 _j070613111216109 _d2000-12-21 _cGC |
||
| 999 |
_c14541 _d14541 |
||